Building for the future (Record no. 107809)
[ view plain ]
| 000 -LEADER | |
|---|---|
| fixed length control field | 01545cad a22002415a 4500 |
| 001 - CONTROL NUMBER | |
| control field | L141946 |
| 008 - FIXED-LENGTH DATA ELEMENTS--GENERAL INFORMATION | |
| fixed length control field | 080116s2008 xxk f f000 0 eng d |
| 035 ## - SYSTEM CONTROL NUMBER | |
| System control number | (Sirsi) u141946 |
| 041 0# - LANGUAGE CODE | |
| Language code of text/sound track or separate title | eng |
| 050 04 - LIBRARY OF CONGRESS CALL NUMBER | |
| Classification number | 333.72 $2 18 |
| 110 1# - MAIN ENTRY--CORPORATE NAME | |
| Corporate name or jurisdiction name as entry element | United Kingdom |
| Subordinate unit | Parliament |
| -- | House of Commons |
| -- | Select Committee of Public Accounts |
| 9 (RLIN) | 3570 |
| 245 00 - TITLE STATEMENT | |
| Title | Building for the future |
| Remainder of title | sustainable construction and refurbishment on the government estate |
| -- | third report of session 2007-08 |
| Medium | [electronic resource] |
| 260 ## - PUBLICATION, DISTRIBUTION, ETC. | |
| Place of publication, distribution, etc. | London |
| Name of publisher, distributor, etc. | TSO |
| Date of publication, distribution, etc. | 2008 |
| 490 #0 - SERIES STATEMENT | |
| Series statement | HC |
| Volume/sequential designation | 174 |
| 520 ## - SUMMARY, ETC. | |
| Summary, etc. | Following on from an earlier Comptroller and Auditor General report (ISBN 9780102944662), this Committee report outlines the reasons for the limited progress made by departments in meeting sustainability targets for their new buildings and major refurbishments, and looks at the prospects for improvement. Recommendations include: DEFRA ensuring clarity on how performance against BREEAM targets and the take up of Quick Wins will be reported; DEFRA helping departments by developing a lighter-weight alternative to BREEAM and explaining when to use different assessment methods; and the Treasury simplifying the application of whole-life costing. |
| 521 2# - TARGET AUDIENCE NOTE | |
| Target audience note | Advanced |
| 590 ## - LOCAL NOTE (RLIN) | |
| Local note | KA |
| 650 24 - SUBJECT ADDED ENTRY--TOPICAL TERM | |
| Topical term or geographic name entry element | BREEAM |
| 651 #4 - SUBJECT ADDED ENTRY--GEOGRAPHIC NAME | |
| Geographic name | United Kingdom |
| Chronological subdivision | |
| 690 ## - LOCAL SUBJECT ADDED ENTRY--TOPICAL TERM (OCLC, RLIN) | |
| Topical term or geographic name as entry element | BUILT ENVIRONMENT-SUSTAINABLE CONSTRUCTION |
| 856 40 - ELECTRONIC LOCATION AND ACCESS | |
| Uniform Resource Identifier | <a href="https://www.publications.parliament.uk/pa/cm200708/cmselect/cmpubacc/174/174.pdf">https://www.publications.parliament.uk/pa/cm200708/cmselect/cmpubacc/174/174.pdf</a> |
| Public note | View the report free of charge at www.publications.parliament.uk... |
| 942 ## - ADDED ENTRY ELEMENTS (KOHA) | |
| Suppress in OPAC | 0 |
| Withdrawn status | Lost status | Source of classification or shelving scheme | Damaged status | Not for loan | Home library | Current library | Shelving location | Date acquired | Total Checkouts | Full call number | Barcode | Date last seen | Copy number | Price effective from | Koha item type |
|---|---|---|---|---|---|---|---|---|---|---|---|---|---|---|---|
| Dewey Decimal Classification | Virtual | Virtual | Online | 16/01/2008 | ONLINE PUBLICATION | 141946-2001 | 06/08/2019 | 1 | 06/08/2019 | Book |